000 00313nam a2200133Ia 4500
008 221030s9999 xx 000 0 und d
041 _aEnglish
082 _a105.23
100 _aH M Dietel
245 0 _aInternet And World Wide Web- How to Program
_cby H M Dietel
260 _c0
650 _aMc
942 _cBK
999 _c10734
_d10734